000 00656cam a22002533a 4500
001 23839
003 PGUSA
005 20140828083516.0
008 071213s2007||||xxu|||||s|||||000 | eng d
040 _aPGUSA
_beng
042 _adc
050 4 _aB
100 1 _aConfucius,
_d-551--479
245 1 0 _a論語
_h[electronic resource] /
_cConfucius
260 _bProject Gutenberg,
_c2007
506 _aPublic domain in the USA.
516 _aElectronic text
653 _aEthics -- China
653 _aPhilosophy, Chinese
740 0 _aLun Yu
830 0 _aProject Gutenberg
_v23839
856 4 0 _uhttp://www.gutenberg.org/ebooks/23839
942 _cEB
999 _c253094
_d253094